El caballero de la invicta /
Saved in:
| Hovedforfatter: | |
|---|---|
| Format: | Electronisk eBog |
| Sprog: | spansk |
| Udgivet: |
Bogotá, D.C., Colombia : Medellín, Colombia :
Ediciones Uniandes : Editorial Universidad Nacional de Colombia ; Universidad EAFIT,
[2021]
|
| Serier: | Relecturas (Bogotá, Colombia)
|
| Fag: | |
| Online adgang: | Digitalia Hispánica |
| Tags: |
Tilføj Tag
Ingen Tags, Vær først til at tagge denne postø!
|
MARC
| LEADER | 00000nam a2200000 i 4500 | ||
|---|---|---|---|
| 001 | DIGUANDES579 | ||
| 003 | NyNyDIG | ||
| 007 | cr ||||||||||| | ||
| 008 | 221110s2021 ck o 000 f spa d | ||
| 006 | m o d | ||
| 035 | |a (OCoLC)1352725023 | ||
| 040 | |a DGITA |b eng |e rda |e pn |c DGITA | ||
| 020 | |a 9789587980431 |q eBook | ||
| 020 | |z 9789587981100 | ||
| 024 | 7 | |a 10.51566/humalite2105 |2 doi | |
| 050 | 1 | 4 | |a PQ8180.23.O714 ebook |
| 100 | 1 | |a Moreno-Durán, R. H., |d 1946- |e author. | |
| 245 | 1 | 3 | |a El caballero de la invicta / |c R. H. Moreno-Durán ; prólogo de Diego Cepeda. |
| 264 | 1 | |a Bogotá, D.C., Colombia : |b Ediciones Uniandes : |b Editorial Universidad Nacional de Colombia ; |a Medellín, Colombia : |b Universidad EAFIT, |c [2021] | |
| 300 | |a 1 online resource. | ||
| 336 | |a text |b txt |2 rdacontent | ||
| 337 | |a computer |b c |2 rdamedia | ||
| 338 | |a online resource |b cr |2 rdacarrier | ||
| 347 | |a text file |2 rdaft | ||
| 347 | |b PDF | ||
| 490 | 1 | |a Relecturas | |
| 500 | |a "Universidad de los Andes, Facultad de Artes y Humanidades, Departamento de Humanidades y Literatura." | ||
| 588 | 0 | |a Online resource; title from PDF title page (Digitalia, viewed November 10, 2022) | |
| 655 | 7 | |a Fiction. |2 lcgft | |
| 655 | 0 | |a Electronic books. | |
| 791 | 2 | |a Digitalia (Firm), |e distributor. | |
| 793 | 0 | |g Digitalia eBook Collection: |a Universidad de los Andes | |
| 776 | 0 | 8 | |i Print version: |a Moreno-Durán, R. H., 1946- |t Caballero de la invicta. |d Bogotá, D.C., Colombia : Ediciones Uniandes, [2021] |z 9789587981100 |
| 830 | 0 | |a Relecturas (Bogotá, Colombia) | |
| 856 | 4 | 0 | |3 Digitalia Hispánica |u https://digitalia.unach.elogim.com/a/116237/ |
| 910 | |a Premium collection: 2022 | ||